000 00821nam a2200277 a 4500
001 24409
003 CO-ViMGA
008 141112s2004 ck r 000 u spa d
020 _a9789589159491
040 _aCO-ViMGA
_bspa
_cCO-ViMGA
041 _aSPA
090 _aA OXE1
100 1 _aOxenbury, Helen
245 1 0 _aLa familia /
_cHelen Oxenbury
260 _aBogotá :
_bJuventud,
_c2011
300 _a14 p. : il. col. : il.
490 _aLos libros del chiquitín
650 1 4 _aDESDE LOS 6 MESES
_935980
650 1 4 _aLEER ES MI CUENTO - COLECCION 2011
_935981
650 1 4 _aLITERATURA
_92198
650 1 4 _aLITERATURA INFANTIL INGLESA
_935982
650 1 4 _aRELACIONES FAMILIARES - LIBROS DE IMAGENES
_935983
651 _aBEBES - LIBROS DE IMAGENES
_935984
700 1 _aOxenbury, Helen
942 _2ddc
_cBK
999 _c2306
_d2306